000 00356nam a2200121Ia 4500
008 191206s9999 xx 000 0 und d
090 _aDF521.H313
245 0 _ahistory of Byzantine civilization
260 _aPraeger
260 _cc[1971]
300 _a"448 p. illus., plates (part col.) 27 cm."
999 _c16167
_d16167